MDQL
is popping MORE tags! Check the
thread
!
Quizzes
Events
Quiz Creation
Community
Videos
Private Events
Remove Ads
Sign In
Join for FREE
Feedback
Dark Mode
Quiz Categories
Sports
Geography
Music
Movies
Television
Just For Fun
Miscellaneous
History
Literature
Language
Science
Gaming
Entertainment
Religion
Holiday
For Kids
Quiz Lab
Recent
Popular Today
Quiz Kudos Today
Editor Picks
Curator Picks
Quizzes by...
Day
Popularity
Type
Ratings
Length
Year
Community
Subscriptions
Recent Discussions
Orange Saloon
Badges
Playlists
Quests
Create
Leaderboards
Showdown
Live 5
Trivia Bingo
Activity
Puzzle Library
Sporcle Events
Private Events
Virtual Trivia
Globe League
Become a Host
Pub Owners
SporcleCon
Opinionation
Our Games
Videos
Blog
Mobile Apps
Partnerships
Remove Ads and Go Orange
Feedback
Just For Fun
Clickable
Get the Picture
Humor
Quick Pick
Word Ladder
Missing Word
Mixed Word
Blitz
Minefield
This or That
Alphabet
Color
Typing
Sporcle
Puzzle
Word Play
Follow That Line
Logic
Just For Fun
Clickable
Get the Picture
Humor
Quick Pick
Word Ladder
Missing Word
Mixed Word
Blitz
Minefield
This or That
Alphabet
Color
Typing
Sporcle
Puzzle
Word Play
Follow That Line
Logic
Random Quiz
Search Sporcle
×
Curator Pick
Curator Pick
Just For Fun
Quote
Type in answers that appear in a list
Type in answers that appear in a list
Classic
Best Score? Go Orange.
Who Said It? Frank Underwood or Donald Trump? Stats
Can you guess which presidential candidate said the following? Type 'F' for Frank Underwood and 'D' for Donald Trump.
By
Frodis_Caper
5m
20 Questions
423 Plays
423 Plays
423 Plays
Comments
Comments
Give Quiz Kudos
Give Quiz Kudos
-
- Ratings
hide this ad
More Info
Forced Order
Answers have to be entered in order
Answers have to be entered in order
Wrong Answers
Some wrong answers will appear in red
Some wrong answers will appear in red
Replay
Link that replays current quiz
Next Quiz
Link to next quiz in quiz playlist
You Got
0%
They Got
Avg Score
79%
Avg Friend Score
Upgrade to see
Score Distribution
Jump to the score distribution portion of the page
Score
0/20
Timer
05:00
0
Plays Today
Quote
Answer
% Correct
'There is but one rule: hunt or be hunted.'
???
94.1%
'It only takes ten seconds to crush a man's ambitions.'
???
89.6%
“We will have so much winning if I get elected that you may get bored with winning.”
???
86.8%
'If you don't like how the table is set, turn over the table.'
???
85.6%
'For those climbing to the top of the food chain there can be no mercy.'
???
84.9%
'Shake with your right hand but hold a rock in the left.'
???
84.6%
'I could stand in the middle of Fifth Avenue and shoot people and I wouldn't lose voters,'
???
84.6%
“I’m owned by the people! I mean, I’m telling you, I’m no angel, but I’m gonna do right by them!”
???
84.2%
'After all, we are nothing more or less than what we choose to reveal.'
???
83.9%
'There is no solace above or below. I pray to myself, for myself.'
???
82.5%
Quote
Answer
% Correct
'You could see there was blood coming out of her eyes. Blood coming out of her ... Wherever.'
???
81.6%
'I think our country does plenty of killing also, Joe.'
???
81.6%
“I think apologizing’s a great thing, but you have to be wrong. I will absolutely apologize, sometime in the hopefully distant future, if I’m ever wrong.”
???
81.3%
'The road to power is paved with hypocrisy and casualties. Never regret.'
???
80.1%
'We won with poorly educated. I love the poorly educated.'
???
79.4%
'You know, it really doesn`t matter what [the media] write as long as you`ve got a young and beautiful piece of ass.'
???
76.4%
'How quickly poor grades are forgotten in the shadow of power and wealth.'
???
74.2%
'The final key to the way I promote is bravado. I play to people's fantasies. People may not always think big themselves, but they can still get very excited by those who do.'
???
63.1%
'I will win and I will leave a legacy.'
???
59.6%
'Listen to your gut, no matter how good something sounds on paper.'
???
48%
Quiz Playlist
Details
Report
Send in Message
Add To Playlist
More Info:
Type "F" for Frank Underwood and "D" for Donald Trump.
Classic:
Type in answers that appear in a list
Forced Order:
Answers have to be entered in order
Wrong Answers:
Some wrong answers will appear in red
Last Updated: Feb 16, 2017
Curator Pick in
This or That
Quiz Scoreboard
CHALLENGE
Sign Up to Join the Scoreboard
Show All
Scores
Hide
Comments
May contain spoilers
Recently Published
5x2 Blitz: Bands
by SL_Kpop136
Music
30s
Colored Red Africa Blitz
by spor1
Geography
30s
Find the 'City' Movie
by crazypaving
Movies
60s
More to Explore
Quiz From the Vault
Featured Blog Post
14 Easter Pick-up Lines to Find Eggs With
hide this ad
You Might Also Like...
Tags
Politics Quiz
Quote Quiz
This or That Quiz
Donald Trump
House of Cards
US Political
Today's Top Quizzes in Just For Fun
Browse Just For Fun
hide this ad
Today's Top Quizzes in Quote
Browse Quote
Top Contributed Quizzes in Just For Fun
1
Name Just One - 10 to 1: Just For Fun
2
Ultimate Minefield Blitz VIII
3
Yarn Creations Logic Puzzle
4
Taylor Swift Logic Puzzle (Songs)
5
Kpop zombie apocalypse mystery (logic puzzle)
6
Survivor Winners Logic Puzzle
7
Quick 5-Color Logic (18)
8
Killer Double Trees 116 - Colour Mis-Match
9
Killer Double Trees 104 - Colour Mis-Match
10
Kyle's 122nd Triple Trees
Explore More
Trending Topics
Disney
Anime
Marvel
Harry Potter
Crossword
Kpop
NBA
WWE
Song
Puzzle
Country
Pokémon
The Office
Soccer
NFL
hide this ad
More By:
Frodis_Caper
Quiz
Plays
Rating
Category
Featured
Created
Who Said It? Frank Underwood or Donald Trump?
423
4.43
Just For Fun
Mar 10, 2016
Figure Out the Lyrics - 1970s #1 Song
283
3.14
Music
Feb 21, 2016
Figure Out the Lyrics - Monkees
262
3.00
Music
Jan 12, 2016
Who Said It? Hillary Clinton or Claire Underwood?
193
1.00
Just For Fun
Mar 13, 2016
Figure Out the Lyrics - Classic Hollywood Edition
160
Music
Jan 23, 2016
Go to Creator's Profile
Score Distribution
Quiz Creator Spotlight
Frodis_Caper
Follow
Send a Message
Quizzes Created
-
Created Quiz Play Count
-
More By This Creator
Popular Quizzes Today
1
Find the 'City' Movie
2
5x2 Blitz: Bands
3
Colored Red Africa Blitz
4
The Countries of the World
5
Find the US States - No Outlines Minefield
6
Find the US States
7
9x9 Crossword: Cartoon Network
8
US States
More Just For Fun Quizzes
Trees Logic Puzzle 359
Quiz Lab
Trending Quizzes
Colored Red Africa Blitz II
Colored Red Europe Blitz I
Colored Red Africa Blitz III
Colored Red Europe Blitz II
Colored Red Europe Blitz III
Recently Updated
Champions League XIs: Real Madrid
pecheneg
Largest US Cities 1790-2010
pecheneg
Rides in Walt Disney World
pecheneg
Most Oscar Losses (Acting)
pecheneg
Beyoncé Albums
pecheneg
Leaping Animals
pecheneg
Reality TV Shows (A-Z)
bhenderson79
Rickey Henderson's Hall of Fame Teammates
pecheneg
Champions League XIs: Arsenal
pecheneg
Quick Pick: Celebrities in WWE's Hall of Fame
aduchscher
Trending Topics
Crossword
NBA
Marvel
Harry Potter
Anime
Kpop
Disney
Soccer
Country
WWE
Puzzle
Pokémon
NFL
The Office
Song
Your Account Isn't Verified!
In order to create a playlist on Sporcle, you need to verify the email address you used during registration. Go to your
Sporcle Settings
to finish the process.
Report this User
Report this user for behavior that violates our
Community Guidelines
.
Details:
Send Report
Go to the Sporcle.com Mobile Site →
Comments